L'art égyptien /

محفوظ في:

المؤلف الرئيسي: Orgogozo, Chantal.

التنسيق: كتاب

اللغة: French

منشور في: Paris : Flammarion, 2013.

سلاسل: Tout l'art., Grammaire des styles.

الموضوعات:

الوسوم: إضافة وسم

لا توجد وسوم, كن أول من يضع وسما على هذه التسجيلة!

رقم الطلب: N5350 .O72 2013

LEADER 00674nam a2200229Ia 4500
003 OSt
005 20250821073353.0
008 140114s2013 fr abe 000 0 fre d
020 |a 9782081302587 
040 |c ARCE Library 
050 4 |a N5350 .O72 2013 
100 1 |a Orgogozo, Chantal. 
245 1 2 |a L'art égyptien /   |c par Chantal Orgogozo. 
264 1 |a Paris :   |b Flammarion,   |c 2013. 
300 |a 79 pages :   |b color illustrations, map, plans ;   |c 22 cm. 
490 0 |a Tout l'art., Grammaire des styles. 
650 0 |a Architecture   |z Egypt. 
650 0 |a Architecture, Ancient   |z Egypt. 
650 0 |a Art, Egyptian. 
901 |a reviewed 
942 |2 lcc  |c BK 
999 |c 47453  |d 47453